header

2-D and 3-D image registration for medical, remote sensing, and industrial applications (Record no. 209857)

MARC details
000 -LEADER
fixed length control field 01301nam a22003134a 4500
082 04 - DEWEY DECIMAL CLASSIFICATION NUMBER
Classification number 621.36/7
100 1# - MAIN ENTRY--AUTHOR NAME
Personal name Goshtasby, Ardeshir.
245 10 - TITLE STATEMENT
Title 2-D and 3-D image registration for medical, remote sensing, and industrial applications
260 ## - PUBLICATION, DISTRIBUTION, ETC. (IMPRINT)
Place of publication Hoboken, NJ :
Name of publisher J. Wiley & Sons,
Year of publication c2005.
300 ## - PHYSICAL DESCRIPTION
Number of Pages xv, 258 p. :
Other physical details ill. (some col.).
500 ## - GENERAL NOTE
General note "Wiley-Interscience publication."
650 #0 - SUBJECT ADDED ENTRY--TOPICAL TERM
Topical Term Image processing
Topical Term Image analysis
856 40 - ELECTRONIC LOCATION AND ACCESS
Uniform Resource Identifier http://site.ebrary.com/lib/rucke/Doc?id=10114161

No items available.

© 2026 Rongo University
Contact us: librarian | system librarian | Rongo university